| 000 | 01095nam a22002897a 4500 | ||
|---|---|---|---|
| 003 | EG-ScBUE | ||
| 005 | 20211123112625.0 | ||
| 008 | 110914s2006 ua f 000 01 ara d | ||
| 017 | _a1987 / 1806 | ||
| 020 | _a9770112550 | ||
| 040 |
_aEG-ScBUE _bara _erda _cEG-ScBUE _dEG-ScBUE |
||
| 041 | 1 |
_aara _hslv |
|
| 082 | 0 | 4 |
_a891.843 _bص ي د _222 |
| 245 | 0 | 0 |
_aصيد الديك البري / _cترجمة وتقديم دكتور جمال الدين سيد محمد. |
| 264 | 1 |
_aالقاهرة : _bالهيئة المصرية العامة للكتاب، _c2006. |
|
| 300 |
_a415 صفحة ؛ _c24 سم |
||
| 336 |
_2rdacontent _aنص _btxt |
||
| 337 |
_2rdamedia _aبدون وسيط _bn |
||
| 338 |
_2rdacarrier _aمجلد _bnc |
||
| 546 | _aالنص باللغة العربية وتم ترجمته من اللغة السلوفينية. | ||
| 650 | 7 |
_927188 _aالقصص السلوفينية. _2BUEsh |
|
| 651 | _2BUEsh | ||
| 653 |
_bGGEN _cNovember2021 |
||
| 655 |
_vReading book _934232 |
||
| 700 | 1 |
_927187 _aمحمد، جمال الدين سيد، _eمترجم، _eمقدم. |
|
| 942 |
_2ddc _cBB |
||
| 999 |
_c16031 _d16031 |
||